000 00446nam a2200181Ia 4500
003 GCL
005 20240530095959.0
008 140319s9999 xx 000 0 eng d
040 _aGCL /
_cGCL
082 0 4 _a759
_bA D
100 1 _aADES, DAWN
245 1 0 _aDALI /
_cADES, DAWN
260 _a[S.N] :
_bTHAMES AND HUDSON ،
_c1992
300 _a216 P
650 0 4 _aDALI, SALVADOR (1904 - 1989)
650 0 4 _aSURREALISTS ART
942 _2ddc
_cBK
999 _c12719
_d12719